000 00644nam a22002297a 4500
001 75204
003 UA-OsUOA
005 20210624152853.0
007 ta
008 20110512b un ||||| |||| 00| 0 ukr d
040 _aUA-OsUOA
_bukr
_cUA-OsUOA
_dUA-OsUOA
041 _aukr
080 _a097
090 _a097
_bО-57
100 _aОмелян Я.
245 _aЕкслібриси
_bкнижкові знаки
260 _aТернопіль
_bДержавний архів Тернопільської області
_c2006
300 _a110 с.
650 7 _a0 Загальний відділ.
_2UDC
942 _cBK
_2udc
955 _a2
999 _c361500
_d361500